Giải bài tập và bài toán cơ sở Vật lí
Cuốn sách trình bày vấn đề lí thuyết cơ bản và nhiều bài tập toán cơ sở vật lí về: Định luật cảm ứng điện tử của Faraday, Đọ tự cảm, Hiệu ứng từ và vật liệu từ, Đao động điện từ, Dòng điện xoay chiều, Các phương trình Maxwell, S...
Đã lưu trong:
| 主要作者: | |
|---|---|
| 格式: | 图书 |
| 语言: | Undetermined |
| 出版: |
Hà Nội
Giáo dục Việt Nam
2015
|
| 主题: | |
| 标签: |
添加标签
没有标签, 成为第一个标记此记录!
|
| Thư viện lưu trữ: | Trung tâm Học liệu Trường Đại học Cần Thơ |
|---|
| LEADER | 01166nam a2200217Ia 4500 | ||
|---|---|---|---|
| 001 | CTU_231018 | ||
| 008 | 210402s9999 xx 000 0 und d | ||
| 020 | |c 56000 | ||
| 082 | |a 530.076 | ||
| 082 | |b B312/T.4 | ||
| 100 | |a Lương, Duyên Bình | ||
| 245 | 0 | |a Giải bài tập và bài toán cơ sở Vật lí | |
| 245 | 0 | |c Lương Duyên Bình, Nguyễn Quang Hậu | |
| 260 | |a Hà Nội | ||
| 260 | |b Giáo dục Việt Nam | ||
| 260 | |c 2015 | ||
| 520 | |a Cuốn sách trình bày vấn đề lí thuyết cơ bản và nhiều bài tập toán cơ sở vật lí về: Định luật cảm ứng điện tử của Faraday, Đọ tự cảm, Hiệu ứng từ và vật liệu từ, Đao động điện từ, Dòng điện xoay chiều, Các phương trình Maxwell, Sóng điện từ. Mỗi phần đều có kèm theo phần bài giải dễ hiểu. | ||
| 650 | |a Vật lí,Physics | ||
| 650 | |x Vấn đề, bài tập,Problems, exercises | ||
| 910 | |b vtbtruc | ||
| 980 | |a Trung tâm Học liệu Trường Đại học Cần Thơ | ||